Catálogo

Vista normal Vista MARC

Entrada Personal Name

Número de registros utilizados en: 1

001 - CONTROL NUMBER

  • control field: 16708

003 - CONTROL NUMBER IDENTIFIER

  • control field: DLC

005 - DATE AND TIME OF LATEST TRANSACTION

  • control field: 20250206092834.0

008 - FIXED-LENGTH DATA ELEMENTS

  • fixed length control field: 971031n| azannaabn |b aaa

010 ## - LIBRARY OF CONGRESS CONTROL NUMBER

  • LC control number: n 97110065

035 ## - SYSTEM CONTROL NUMBER

  • System control number: (OCoLC)oca04502590

040 ## - CATALOGING SOURCE

  • Original cataloging agency: DLC
  • Language of cataloging: spa
  • Description conventions: rda
  • Transcribing agency: Mx-PuUPA
  • Modifying agency: DLC
  • Modifying agency: OCoLC
  • Modifying agency: CFCPL
  • Modifying agency: IlMpPL
  • Modifying agency: Mx-PuUPA

046 ## - SPECIAL CODED DATES

  • Birth date: 1957
  • Source of date scheme: edtf

053 #0 - LC CLASSIFICATION NUMBER

  • Classification number element--single number or beginning number of span: PS3557.O35926

100 1# - HEADING--PERSONAL NAME

  • Personal name: Golden, Arthur,
  • Dates associated with a name: 1957-

370 ## - ASSOCIATED PLACE

  • Place of birth: Chattanooga (Tennessee)
  • Place of residence/headquarters: Brookline (Massachusetts)
  • Source of term: naf

374 ## - OCCUPATION

  • Occupation: Autor
  • Occupation: Novelista
  • Source of term: lcsh

375 ## - GENDER

  • Gender: hombre

377 ## - ASSOCIATED LANGUAGE

  • Language code: eng

400 1# - SEE FROM TRACING--PERSONAL NAME

  • Personal name: גולדן, ארתור,
  • Dates associated with a name: 1957־

400 1# - SEE FROM TRACING--PERSONAL NAME

  • Personal name: Goldŭn, Asŏ,
  • Dates associated with a name: 1957-

400 1# - SEE FROM TRACING--PERSONAL NAME

  • Personal name: 골든, 아서,
  • Dates associated with a name: 1957-

670 ## - SOURCE DATA FOUND

  • Source citation: Memoirs of a geisha, 1997:
  • Information found: t.p. (Arthur Golden) jkt. flap (b. Chattanooga, Tenn.; lives in Brookline, Mass.; first novel)

670 ## - SOURCE DATA FOUND

  • Source citation: Phone call to publisher, 10-31-97
  • Information found: (b. 1957)

670 ## - SOURCE DATA FOUND

  • Source citation: Geisya ŭi chʻuŏk, 1998:
  • Information found: t.p. (Asŏ Goldŭn; 아서 골든)